000
00360nam a2200157Ia 4500
008
151213s9999 xx 000 0 und d
100
_a
W. Golding
245
_a
Pincher Martin
_c
W. Golding
250
_a
1st
260
_a
England
_b
Penguijng Book
_c
1956
300
_a
4355 p.
650
_a
Drama
650
_a
English
700
_a
W. Golding
999
_c
2769
_d
2769